logo

Bir Sreshtho Munshi Abdur Rouf Library
Jhenaidah Cadet College

The 21 Irrefutable Laws Of Leadership / (Record no. 11917)

MARC details
000 -LEADER
fixed length control field 00684nam a2200253 a 4500
001 - CONTROL NUMBER
JCCL Control Number 11917
003 - CONTROL NUMBER IDENTIFIER
JCCL marc code BD-JhCC
005 - DATE AND TIME OF LATEST TRANSACTION
control field 20211113134021.0
008 - FIXED-LENGTH DATA ELEMENTS--GENERAL INFORMATION
fixed length control field 201129s2008 ii a 000 0 eng
020 ## - INTERNATIONAL STANDARD BOOK NUMBER
International Standard Book Number 9789381753361
035 ## - SYSTEM CONTROL NUMBER
system control number (BD-JhCC)11917
040 ## - CATALOGING SOURCE
Transcribing agency DLC
Modifying agency DLC
Original cataloging agency BD-JhCC
041 ## - LANGUAGE CODE
Language code of Book eng
082 00 - DEWEY DECIMAL CLASSIFICATION NUMBER
DDC Edition number 22
Classification number 303.34
Author mark and Year MAX 2008
100 1# - MAIN ENTRY--PERSONAL NAME
Personal name Maxwell, John C.
Dates associated with a name 1947
245 14 - TITLE STATEMENT
Title The 21 Irrefutable Laws Of Leadership /
Statement of responsibility, etc John C. Maxwell.
260 ## - PUBLICATION, DISTRIBUTION, ETC. (IMPRINT)
Place of publication, distribution, etc New Delhi:
Name of publisher, distributor, etc MG books;
Date of publication, distribution, etc 2008.
300 ## - PHYSICAL DESCRIPTION
Pagination 223 p. :
Dimensions 22 cm.
500 ## - GENERAL NOTE
General note Includes index.
600 ## - SUBJECT ADDED ENTRY--PERSONAL NAME
Personal name John C. Maxwell
650 #0 - SUBJECT ADDED ENTRY--TOPICAL TERM
Topical term or geographic name as entry element Leadership
Geographic subdivision Industrial management
942 ## - ADDED ENTRY ELEMENTS (KOHA)
Source of classification or shelving scheme Dewey Decimal Classification
Koha item type Books
Koha issues (borrowed), all copies 4
Holdings
Source of classification or shelving scheme Damaged status Not for loan Home library Current library Shelving location Date of accession Source of acquisition Cost, normal purchase price Total Checkouts Full call number Barcode Date last seen Date checked out Copy number Koha item type
Dewey Decimal Classification     JCC Rouf Library JCC Rouf Library General Stacks 11/29/2020 Lt. Gen. Mahfuzur Rahman (10th intake) 315.00 2 303.34 MAX 2008 16428 12/14/2021 11/13/2021 C-1 Books

JCC Library | Contacts | JCC Home

Last Update on 23 September 2017
Copyright @ 2017-2020 JCC Rouf Library
Rouf Library, Jhenidah Cadet College (JCC), Bangladesh